| 000 | 00984nam a2200253 i 4500 | ||
|---|---|---|---|
| 001 | 114960 | ||
| 003 | ES-MaACL | ||
| 005 | 20230906190309.0 | ||
| 007 | t| | ||
| 008 | 070214s1932 sp ||||1| spa d | ||
| 080 | _a840-23"19" | ||
| 100 | 1 |
_aFernández Lepina, Antonio. _949870 |
|
| 245 | 1 | 0 |
_aCuentan de una mujer... : _b(Il etait une fois...) : aventura en tres actos, divididos en seis cuadros / _cAntonio F. Lepina ; adaptación española Francis de Croisset ; dibujos de Antonio Merlo. |
| 260 |
_aMadrid : _bRivadeneyra, _c1932. |
||
| 300 |
_a80 p. : _bil ; _c17 cm. |
||
| 490 | 1 |
_aLa Farsa ; _v273 |
|
| 500 | _aEstrenada en el Teatro Avenida, de Madrid, el día 20 de octubre de 1932. | ||
| 599 | _aEn cub.: Josefina Díaz de Artigas y Manuel Collado en una escena de Cuentan de una mujer | ||
| 700 | 1 |
_aCroisset, Francis. _941672 |
|
| 700 | 1 |
_aMerlo, Antonio. _980579 |
|
| 830 | 1 |
_aLa Farsa ; _v273 _9185863 |
|
| 852 | 4 |
_aES-MaACL _jC-13221 |
|
| 999 |
_c114960 _d114960 |
||